El servicio civil de carrera en Latinoamřica : diagns̤tico, causas y propuestas /

Detalles Bibliográficos
Autor principal: Villoria Mendieta, Manuel
Formato: Libro
Lenguaje:español
Publicado: Madrid : Instituto Nacional de Administracin̤ Pb︢lica, 2007.
Materias:
Acceso en línea:Acceso restringido

MARC

LEADER 00000cam a2200000 i 4500
005 20110705150231.0
008 970516s2007 sp o000 0 spa c
017 |a D.L.M23858-2007 
020 |a 978-84-7351-266-4 
024 8 |a NIPO 329-07-014-9 
035 |a 5544 
040 |a SpMaUCCP  |d BUS  |d vLex 
080 |a 35.08(7/8=134.2) 
090 |c 2171  |d 2171 
100 1 |a Villoria Mendieta, Manuel. 
245 1 3 |a El servicio civil de carrera en Latinoamřica :  |b diagns̤tico, causas y propuestas /  |c Manuel Villoria Mendieta.  |h [Recurso electrn̤ico] 
256 |a Servicio en ln̕ea. 
260 |a Madrid :  |b Instituto Nacional de Administracin̤ Pb︢lica,   |c 2007. 
300 |a 178 p. ;  |c 24 cm. 
506 1 |a Contenido solo disponible en los productos indicados  |d vLex Global  |d vLex Global (Academic Edition, excluding Law Schools)  |d vLex Global (U.S. Academic Edition, Law Schools)  |d vLex Global (U.S. Academic Edition, excluding Law Schools)  |d vLex Global (Academic Edition, Law Schools) 
650 0 7 |a Derecho administrativo militar  |2 Tesauro vLex 
650 0 7 |2 Tesauro vLex  |a Derecho militar 
650 0 7 |2 Tesauro vLex  |a Servicio civil 
740 0 |a vLex Libros (Servicio en ln̕ea) 
856 4 0 |u http://vlex.com/source/servicio-civil-carrera-latinoamerica-diagnostico-causas-propuestas-5544  |z Acceso restringido 
942 |c BOOK